000 00616cab a2200205 4500
001 ABS46705
008 090401t1992 xxu||||| |||| 00| 0 eng d
035 _a(Sirsi) u59283
041 _aeng
100 _aThornton, M.
245 _aCeiling facts
260 _c1992
350 _a0
490 _aTraditional Homes
_vAugust 1992, 70-71(2)
520 _aExamines the construction of plaster ceilings and identifies some of the problems associated with them particularly in Edwardian and Victorian houses.
650 _aPLASTER CEILINGS
690 _aRefurbishment
_96264
942 _n0
948 _c04/03/1997
999 _c36360
_d36360